Hannover 96: Alle Torschützen der 2010er - Statistiken

Allgemein
  • Dieses Quiz wurde 241 mal gespielt
  • Das Durchschnittsergebnis liegt bei 22 aus 51
Antwortstatistiken
Pos. Nat. Spieler % Korrekt
ST CIV Didier Ya Konan
81%
ST SEN Mame Diouf
75%
VER SEN Salif Sane
69%
ST HUN Szabolcs Huszti
67%
ST GER Niclas Füllkrug
65%
ST GER Lars Stindl
64%
VER RUS Konstantin Rausch
63%
VER GER Christian Schulz
62%
ST POL Artur Sobiech
60%
VER JAP Hiroki Sakai
60%
ST NOR Mohammed Abdellaoue
60%
VER TUN Karim Haggui
59%
ST TGO Ihlas Bebou
58%
ST GER Jan Schlaudraff
58%
ST ESP Joselu
55%
ST LVA Artjoms Rudnevs
52%
VER CHI Miiko Albornoz
51%
VER BRA Felipe
50%
MIT GER Manuel Schmiedebach
49%
ST BRA Jonathas
48%
MIT DEN Leon Andreasen
48%
MIT JAP Hiroshi Kiyotake
47%
ST POR Hugo Almeida
47%
MIT GER Sergio Pinto
47%
ST AUT Martin Harnik
46%
VER GER Waldemar Anton
44%
ST GER Hendrik Weydandt
43%
ST GER Mike Hanke
42%
VER GER Christian Pander
41%
VER AUT Emanuel Pogatetz
41%
ST USA Bobby Wood
39%
MIT NOR Iver Fossum
38%
ST TUR Kenan Karaman
36%
VER SUI Mario Eggimann
36%
ST FRA Allan Saint-Maximin
35%
MIT GER Edgar Prib
32%
MIT GER Felix Klaus
32%
VER BRA Marcelo
32%
ST FRA Jimmy Briand
29%
ST GER Linton Maina
29%
MIT BRA Walace
28%
ST DEN Uffe Bech
27%
ST NED Charlison Benschop
23%
VER GER Julian Korb
23%
MIT GER Nicolai Müller
22%
MIT GER Leonardo Bittencourt
21%
MIT GER Marvin Bakalorz
21%
MIT TUR Ceyhun Gülselam
17%
VER GER Andre Hoffmann
13%
MIT GER Florent Muslija
12%
MIT SUI Adrian Nikci
8%
Keine übereinstimmenden Quizze gefunden
Verteilung der Resultate
Anzahl Personen mit jedem Resultat
Perzentil nach korrekt beantworteten Fragen
Ihre Resultats-Entwicklung
Sie haben dieses Quiz noch nicht gespielt